000 00736 a2200241 4500
003 OSt
005 20180116192402.0
008 120703t xxu||||| |||| 00| 0 eng d
010 _a 2010275215
020 _a9780714846408
020 _a0714846406
035 _a(OCoLC)ocn154782988
040 _c0
082 0 4 _a779.99581
100 1 _aMcCurry, Steve.
_95382
245 1 0 _aIn the shadow of mountains /
_cby Steve McCurry.
260 _aLondon ;
_aNew York, NY :
_bPhaidon Press,
_c2007.
300 _a132, [12] p. :
_bcol. ill. ;
_c30 cm.
650 1 0 _aPhotographs
_xAfghanistan
_95383
651 0 _aAfghanistan
_95384
942 _aSADA
_cBK
_k779.99581 MCC 2007
_2ddc
999 _c353358
_d353358